UBT Library

Everyday play : (Record no. 43059)

000 -LEADER
fixed length control field 00817cam a2200253 a 4500
001 - CONTROL NUMBER
control field 15957551
005 - DATE AND TIME OF LATEST TRANSACTION
control field 20180221073235.0
008 - FIXED-LENGTH DATA ELEMENTS--GENERAL INFORMATION
fixed length control field 091023s2010 mdua 001 0 eng
010 ## - LIBRARY OF CONGRESS CONTROL NUMBER
LC control number 2009044841
020 ## - INTERNATIONAL STANDARD BOOK NUMBER
International Standard Book Number 9780876591253 (pbk.)
020 ## - INTERNATIONAL STANDARD BOOK NUMBER
International Standard Book Number 087659125X (pbk.)
035 ## - SYSTEM CONTROL NUMBER
System control number (OCoLC)ocn456178447
040 ## - CATALOGING SOURCE
Original cataloging agency DLC
Transcribing agency DLC
Modifying agency IG#
-- BTCTA
-- YDXCP
-- IK2
-- DLC
041 ## - LANGUAGE CODE
Language code of text/sound track or separate title eng
080 ## - UNIVERSAL DECIMAL CLASSIFICATION NUMBER
Universal Decimal Classification number 37 ISB
082 ## - DEWEY DECIMAL CLASSIFICATION NUMBER
Classification number 37 ISB
100 1# - Rafti
Rafti 47
101 ## - Shkurtesa
Shkurtesa EDU
245 10 - TITLE STATEMENT
Title Everyday play :
Statement of responsibility, etc Christy Isbell ; [illustrations, Chris Wold Dyrud].
246 3# - VARYING FORM OF TITLE
Title proper/short title Every day play
906 ## - LOCAL DATA ELEMENT F, LDF (RLIN)
a 7
b cbc
c orignew
d 1
e ecip
f 20
g y-gencatlg
942 ## - ADDED ENTRY ELEMENTS (KOHA)
Source of classification or shelving scheme
Item type Books
Holdings
Withdrawn status Lost status Source of classification or shelving scheme Damaged status Not for loan Collection code Permanent location Current location Shelving location Date acquired Total Checkouts Full call number Barcode Date last seen Price effective from Koha item type
          Koleksioni i përgjithshem UBT - Lipjan UBT - Lipjan Koleksioni i përgjithshem 02/21/2018   37 ISB 002-2999432 02/21/2018 02/21/2018 Books
UBT Library © 2015-2024. All rights reserved University Education for Business and Technology